[Event "BRA-ch Seniors 65+"]
[Site "Sao Paulo"]
[Date "2019.10.12"]
[Round "2"]
[White "Vallejos, Jose Antonio"]
[Black "Brito, Luismar Jorge"]
[Result "0-1"]
[WhiteElo "1827"]
[BlackElo "2244"]
[PlyCount "78"]
[EventDate "2019.10.11"]
[EventType "swiss"]
[EventRounds "5"]
[EventCountry "BRA"]
[SourceTitle "CBM 193 Extra"]
[Source "ChessBase"]
[SourceDate "2020.01.31"]
[SourceVersion "1"]
[SourceVersionDate "2020.01.31"]
[SourceQuality "1"]

1. b4 e5 2. a3 Nf6 3. Bb2 d6 4. d3 Be7 5. Nf3 Nbd7 6. g3 Nf8 7. Bg2 h5 8. h4 Ng4 9. e4 c6 10. Nbd2 Qb6 11. Qe2 Be6 12. c4 a5 13. Rb1 axb4 14. axb4 Ra2 15. b5 cxb5 16. cxb5 Qxb5 17. Bc1 Qxb1 18. Nxb1 Rxe2+ 19. Kxe2 Nd7 20. Na3 Nc5 21. Nb5 Kd7 22. Bd2 Ra8 23. Rb1 Kc6 24. Ng5 Ba2 25. Rb2 Nb3 26. Nc3 Nd4+ 27. Kf1 Bb3 28. Rb1 Bc2 29. Rc1 Bxd3+ 30. Kg1 Nb3 31. Rd1 Bc2 32. Rc1 Nxc1 33. Bxc1 Ra1 34. Ne2 Bd3 35. f3 Bxe2 36. fxg4 Bxg5 37. Kf2 Bxc1 38. Kxe2 Ra2+ 39. Kf1 hxg4 0-1

[Event "Sao Paulo STD U2200 op 4th"]
[Site "Sao Paulo"]
[Date "2018.12.09"]
[Round "5"]
[White "Silva, Kaua Marques"]
[Black "Vallejos, Jose Antonio"]
[Result "1-0"]
[WhiteElo "1848"]
[BlackElo "1841"]
[PlyCount "83"]
[EventDate "2018.12.07"]
[EventType "swiss"]
[EventRounds "6"]
[EventCountry "BRA"]
[SourceTitle "EXT 2021"]
[Source "ChessBase"]
[SourceDate "2020.10.23"]
[SourceVersion "1"]
[SourceVersionDate "2020.10.23"]
[SourceQuality "1"]

1. e4 e6 2. d4 d5 3. Nd2 Nf6 4. e5 Nfd7 5. Bd3 b6 6. c3 Bb7 7. Ne2 Ba6 8. Bc2 c5 9. Nf3 Nc6 10. 0-0 Be7 11. Re1 Rc8 12. a3 g5 13. Be3 g4 14. Nd2 h5 15. Nf4 Bg5 16. Nb3 Bb7 17. Qd2 Nf8 18. Rad1 a5 19. Qe2 Ra8 20. Qd2 Bc8 21. Nc1 Bd7 22. Nxd5 Bxe3 23. Nxe3 b5 24. a4 cxd4 25. cxd4 Nb4 26. Be4 Rc8 27. Nd3 Nxd3 28. Qxd3 Qb6 29. Rc1 Rd8 30. Rc5 b4 31. Nc4 Qb8 32. Nd6+ Ke7 33. Qe3 Rg8 34. Qf4 Be8 35. Qf6+ Kd7 36. Bc6+ Kc7 37. Bxe8+ Kb6 38. Rb5+ Ka6 39. Rxb8 Rxb8 40. Qxf7 Rh8 41. Rc1 Rb6 42. Bb5+ 1-0

[Event "Sao Paulo STD U2200 op 4th"]
[Site "Sao Paulo"]
[Date "2018.12.07"]
[Round "2"]
[White "Vallejos, Jose Antonio"]
[Black "Okuda, Paulo Alexandre Yuj"]
[Result "0-1"]
[WhiteElo "1841"]
[BlackElo "1683"]
[PlyCount "76"]
[EventDate "2018.12.07"]
[EventType "swiss"]
[EventRounds "6"]
[EventCountry "BRA"]
[SourceTitle "EXT 2021"]
[Source "ChessBase"]
[SourceDate "2020.10.23"]
[SourceVersion "1"]
[SourceVersionDate "2020.10.23"]
[SourceQuality "1"]

1. b4 Nf6 2. Bb2 g6 3. Nf3 Bg7 4. c4 d6 5. g3 e5 6. d3 0-0 7. Nbd2 Nbd7 8. Bg2 Rb8 9. 0-0 Nh5 10. e4 Ndf6 11. h3 Be6 12. a4 Qd7 13. Ng5 h6 14. Nxe6 Qxe6 15. Qb3 Nd7 16. Rae1 Nhf6 17. Kh2 Nh7 18. Ba3 b6 19. f4 exf4 20. gxf4 Qf6 21. Nb1 Qh4 22. Bb2 Bxb2 23. Qxb2 g5 24. Qf2 Qxf2 25. Rxf2 gxf4 26. Rxf4 Ne5 27. Re3 Ng5 28. Rg3 Kh7 29. Nc3 Ne6 30. Rf5 Rg8 31. Rxg8 Rxg8 32. Nd5 Kg7 33. Bf1 Kf8 34. Be2 c6 35. Nf6 Rg7 36. Bf1 Ke7 37. Rf2 Nd4 38. Nh5 Ndf3+ 0-1

[Event "Sao Paulo STD U2200 op 2nd"]
[Site "Sao Paulo"]
[Date "2018.09.09"]
[Round "4"]
[White "Vallejos, Jose Antonio"]
[Black "Simao Vasconcellos, Pedro Augusto"]
[Result "1/2-1/2"]
[WhiteElo "1840"]
[BlackElo "1820"]
[PlyCount "86"]
[EventDate "2018.09.08"]
[EventType "swiss"]
[EventRounds "6"]
[EventCountry "BRA"]
[SourceTitle "EXT 2021"]
[Source "ChessBase"]
[SourceDate "2020.10.23"]
[SourceVersion "1"]
[SourceVersionDate "2020.10.23"]
[SourceQuality "1"]

1. b4 e5 2. a3 Nf6 3. Bb2 d6 4. g3 g6 5. Bg2 Bg7 6. d3 0-0 7. Nd2 c6 8. c4 Be6 9. Ngf3 h6 10. 0-0 Nbd7 11. Re1 Qc7 12. Qc2 d5 13. c5 d4 14. Nc4 Bxc4 15. Qxc4 Nd5 16. Nh4 N7f6 17. e4 dxe3 18. fxe3 Rad8 19. e4 Ne7 20. Rf1 Nh7 21. Rf2 Ng5 22. Nf3 Ne6 23. Raf1 g5 24. h3 Ng6 25. Kh2 Qd7 26. Rd2 h5 27. h4 g4 28. Ne1 Nd4 29. Rdf2 Qe6 30. Qc1 Qb3 31. Bxd4 Rxd4 32. Rf5 a5 33. bxa5 Ra4 34. Rxh5 Rxa3 35. Rg5 Qc3 36. Qe3 Rxa5 37. h5 Bh6 38. Rxg6+ fxg6 39. Qxh6 Rxf1 40. Qxg6+ Kf8 41. Qd6+ Kg7 42. Qg6+ Kf8 43. Qd6+ Kf7 1/2-1/2

[Event "Sao Paulo STD U2200 op 2nd"]
[Site "Sao Paulo"]
[Date "2018.09.08"]
[Round "3"]
[White "Blanco, Paulo Renato"]
[Black "Vallejos, Jose Antonio"]
[Result "0-1"]
[WhiteElo "1449"]
[BlackElo "1840"]
[PlyCount "72"]
[EventDate "2018.09.08"]
[EventType "swiss"]
[EventRounds "6"]
[EventCountry "BRA"]
[SourceTitle "EXT 2021"]
[Source "ChessBase"]
[SourceDate "2020.10.23"]
[SourceVersion "1"]
[SourceVersionDate "2020.10.23"]
[SourceQuality "1"]

1. e4 e6 2. d4 d5 3. e5 c5 4. Nf3 cxd4 5. Nxd4 Nc6 6. Nxc6 bxc6 7. Bd3 Qc7 8. f4 h5 9. Nd2 Be7 10. Nf3 Nh6 11. Nd4 g6 12. Qf3 a6 13. Bd2 c5 14. Nb3 Bb7 15. Ba5 Qc8 16. Be2 Nf5 17. Bd2 d4 18. Qf2 Bh4 19. g3 Bxh1 20. gxh4 Kf8 21. 0-0-0 Be4 22. Qe1 Kg7 23. Qg1 a5 24. Nxa5 c4 25. Bb4 Qc7 26. Qg5 Rxa5 27. Rg1 Raa8 28. Bxh5 Qd8 29. Qxg6+ fxg6 30. Rxg6+ Kh7 31. Rf6 Rg8 32. Bf7 Rg1+ 33. Kd2 Qb6 34. a3 c3+ 35. bxc3 dxc3+ 36. Kxc3 Qd4+ 0-1

[Event "Sao Paulo Carnaval op"]
[Site "Sao Paulo"]
[Date "2018.02.12"]
[Round "6"]
[White "Da Costa, Aloysio"]
[Black "Vallejos, Jose Antonio"]
[Result "0-1"]
[WhiteElo "1548"]
[BlackElo "1891"]
[PlyCount "84"]
[EventDate "2018.02.10"]
[EventType "swiss"]
[EventRounds "7"]
[EventCountry "BRA"]
[SourceTitle "CBM 183 Extra"]
[Source "ChessBase"]
[SourceDate "2018.04.19"]
[SourceVersion "1"]
[SourceVersionDate "2018.04.19"]
[SourceQuality "1"]

1. e4 c6 2. d4 d5 3. Nc3 dxe4 4. Nxe4 Nf6 5. Nxf6+ exf6 6. Nf3 Bd6 7. Be2 Be6 8. Be3 Nd7 9. Qd2 b5 10. c3 Nb6 11. b3 Nd5 12. h3 a6 13. b4 a5 14. Rb1 axb4 15. cxb4 Ra4 16. Bd1 Rxb4 17. Bb3 0-0 18. 0-0 Nxe3 19. fxe3 Bxb3 20. axb3 c5 21. Rfd1 Qb6 22. dxc5 Bxc5 23. Nd4 Rd8 24. Qc3 g6 25. Nc2 Rxd1+ 26. Rxd1 Re4 27. Rd3 b4 28. Qd2 Kg7 29. Kh1 h5 30. Nd4 Qa6 31. Nc2 Re6 32. Rd5 Bd6 33. Qd1 Qb6 34. Qd4 Qc7 35. Qd1 Bc5 36. Rd7 Qg3 37. Nd4 Rxe3 38. Nf3 Rc3 39. Rd3 g5 40. Rxc3 bxc3 41. Qc2 Bb4 42. Nd4 Qe1+ 0-1

[Event "Sao Paulo Carnaval op"]
[Site "Sao Paulo"]
[Date "2018.02.12"]
[Round "5"]
[White "Pereira, Daniele Costa"]
[Black "Vallejos, Jose Antonio"]
[Result "1-0"]
[WhiteElo "1632"]
[BlackElo "1891"]
[PlyCount "87"]
[EventDate "2018.02.10"]
[EventType "swiss"]
[EventRounds "7"]
[EventCountry "BRA"]
[SourceTitle "CBM 183 Extra"]
[Source "ChessBase"]
[SourceDate "2018.04.19"]
[SourceVersion "1"]
[SourceVersionDate "2018.04.19"]
[SourceQuality "1"]

1. d4 c5 2. Nf3 e6 3. Bf4 f5 4. e3 Nf6 5. Bd3 Nc6 6. c3 b6 7. Nbd2 d5 8. h3 Be7 9. 0-0 0-0 10. Ne5 Bb7 11. Ndf3 Ne4 12. Bb5 Nxe5 13. Nxe5 Bf6 14. Nd7 Rf7 15. f3 a6 16. fxe4 axb5 17. Nxf6+ Qxf6 18. Be5 Qg6 19. exf5 Rxf5 20. Rxf5 Qxf5 21. a3 Rf8 22. Qe2 Qe4 23. Bd6 Rc8 24. Rf1 c4 25. Qf2 h6 26. Qf7+ Kh7 27. Qxb7 Qxe3+ 28. Kh2 Rg8 29. Be5 Qe4 30. Rf8 Qxe5+ 31. dxe5 Rxf8 32. Qxb6 Re8 33. Qxb5 Re7 34. Qc5 Re8 35. Qc6 Re7 36. Qd6 Re8 37. Qd7 Rb8 38. Qxe6 Rxb2 39. Qxd5 Re2 40. e6 Kg6 41. Qxc4 Re1 42. Qg4+ Kh7 43. Qf5+ Kg8 44. Qf7+ 1-0

[Event "Sao Paulo Seniors-ch"]
[Site "Sao Paulo"]
[Date "2015.12.13"]
[Round "6"]
[White "Vallejos, Jose Antonio"]
[Black "Brito, Luismar Jorge"]
[Result "0-1"]
[WhiteElo "1875"]
[BlackElo "2229"]
[PlyCount "128"]
[EventDate "2015.12.10"]
[EventType "swiss"]
[EventRounds "7"]
[EventCountry "BRA"]
[SourceTitle "EXT 2017"]
[Source "ChessBase"]
[SourceDate "2016.10.25"]
[SourceVersion "1"]
[SourceVersionDate "2016.10.25"]
[SourceQuality "1"]

1. Nf3 c5 2. c4 Nc6 3. g3 b6 4. Bg2 Bb7 5. Nc3 Ne5 6. d3 Nxf3+ 7. exf3 g6 8. 0-0 Bg7 9. Re1 Nh6 10. Bg5 f6 11. Bf4 0-0 12. h4 Nf5 13. Be3 e6 14. d4 cxd4 15. Bxd4 Rc8 16. b3 Nxd4 17. Qxd4 f5 18. Qd2 f4 19. Qd3 fxg3 20. fxg3 Qf6 21. Ne4 Qd4+ 22. Qxd4 Bxd4+ 23. Kh2 Bxa1 24. Rxa1 Bxe4 25. fxe4 Rf2 26. Rd1 Rc7 27. a3 Kf7 28. g4 Ke7 29. a4 Rc8 30. Kg3 Rcf8 31. Rd3 e5 32. g5 d6 33. Bf3 Rf1 34. Kg2 Re1 35. Kg3 Rf4 36. Bg2 Rg1 37. Re3 Rff1 38. Kh2 Rb1 39. h5 Rge1 40. Rh3 Rb2 41. hxg6 hxg6 42. Rh7+ Kf8 43. Rh3 Kg7 44. Rd3 Rxe4 45. Kg3 Rd4 46. Rc3 Rd1 47. Bc6 Rg1+ 48. Kf3 Rxg5 49. Rd3 Rf5+ 50. Ke3 Rf6 51. a5 g5 52. Ba4 g4 53. Rd1 g3 54. Rg1 g2 55. axb6 axb6 56. Bc6 Rxb3+ 57. Ke2 Rb2+ 58. Ke3 Rff2 59. Be4 Kf6 60. Bf3 Kg5 61. Bxg2 Rxg2 62. Re1 Rb3+ 63. Ke4 Rg4+ 64. Kd5 Rd4+ 0-1

[Event "Sao Paulo Seniors-ch"]
[Site "Sao Paulo"]
[Date "2015.12.12"]
[Round "5"]
[White "Vallejos, Jose Antonio"]
[Black "Rodrigues, Nei Jorge"]
[Result "1-0"]
[WhiteElo "1875"]
[BlackElo "2042"]
[PlyCount "141"]
[EventDate "2015.12.10"]
[EventType "swiss"]
[EventRounds "7"]
[EventCountry "BRA"]
[SourceTitle "EXT 2017"]
[Source "ChessBase"]
[SourceDate "2016.10.25"]
[SourceVersion "1"]
[SourceVersionDate "2016.10.25"]
[SourceQuality "1"]

1. b4 Nf6 2. Bb2 d5 3. Nf3 Nbd7 4. g3 g6 5. Bg2 Bg7 6. d3 0-0 7. 0-0 c5 8. b5 a6 9. c4 d4 10. a4 Rb8 11. Re1 e5 12. Nbd2 a5 13. Qc2 b6 14. e3 Bb7 15. exd4 exd4 16. Re2 Re8 17. Rae1 Rxe2 18. Rxe2 Ng4 19. h3 Nge5 20. Nxe5 Nxe5 21. Bxb7 Rxb7 22. f4 Nd7 23. Nf3 Nf8 24. Qd2 Re7 25. Qe1 Rxe2 26. Qxe2 Qd7 27. Kh2 h5 28. Qe4 Qe6 29. Ng5 Qf5 30. Bc1 Bf6 31. Kg2 Kg7 32. Bd2 Bd8 33. Qd5 Qxd5+ 34. cxd5 f5 35. Nf3 Nd7 36. Ne5 Nf6 37. d6 Kf8 38. Nxg6+ Kf7 39. Ne5+ Ke6 40. Nc6 Kd7 41. Kf3 Nd5 42. g4 hxg4+ 43. hxg4 fxg4+ 44. Kxg4 Bf6 45. Ne5+ Kxd6 46. Nc4+ Kc7 47. Kf5 Bh4 48. Ke6 Nf6 49. f5 Ng4 50. Bf4+ Kb7 51. Be5 Bg5 52. f6 Bh6 53. Bd6 Ne3 54. Nb2 Ng2 55. f7 Ne1 56. f8Q Bxf8 57. Bxf8 Nc2 58. Kd7 Ne1 59. Bd6 Nc2 60. Bg3 Nb4 61. Kd6 Nc2 62. Bh4 Nb4 63. Ke5 Nc2 64. Ke4 Ne3 65. Bd8 Nc2 66. Nc4 Nb4 67. Bxb6 Na2 68. Bxc5 Nc3+ 69. Kxd4 Nxa4 70. Nxa5+ Ka8 71. b6 1-0

[Event "Sao Paulo Seniors-ch"]
[Site "Sao Paulo"]
[Date "2015.12.12"]
[Round "4"]
[White "Vieira, Alexandre Letizio"]
[Black "Vallejos, Jose Antonio"]
[Result "1/2-1/2"]
[WhiteElo "1918"]
[BlackElo "1875"]
[PlyCount "103"]
[EventDate "2015.12.10"]
[EventType "swiss"]
[EventRounds "7"]
[EventCountry "BRA"]
[SourceTitle "EXT 2017"]
[Source "ChessBase"]
[SourceDate "2016.10.25"]
[SourceVersion "1"]
[SourceVersionDate "2016.10.25"]
[SourceQuality "1"]

1. d4 c5 2. c3 e6 3. Bf4 cxd4 4. cxd4 f5 5. Nc3 Nf6 6. e3 d5 7. Nf3 Nc6 8. Bb5 Bd7 9. 0-0 Be7 10. a3 0-0 11. h3 Ne4 12. Rc1 a6 13. Bd3 b5 14. b4 Qb6 15. Qe2 h6 16. Qa2 Nxc3 17. Rxc3 a5 18. bxa5 Rxa5 19. Rb1 Rfa8 20. Qe2 b4 21. axb4 Ra1 22. Rcc1 Rxb1 23. Rxb1 Nxb4 24. Ne5 Be8 25. g4 g5 26. gxf5 exf5 27. Bxf5 Qf6 28. Ng4 Qf8 29. Be6+ Kh7 30. Be5 Bg6 31. Rxb4 Ra1+ 32. Kh2 Be4 33. f4 Rh1+ 34. Kg3 gxf4+ 35. exf4 Rg1+ 36. Kh2 Rg2+ 37. Qxg2 Bxg2 38. Rb7 Be4 39. Bd6 h5 40. Rxe7+ Kg6 41. Ne5+ Kh6 42. Rf7 Qxd6 43. Rf6+ Kg7 44. Rf7+ Kh8 45. f5 Qb8 46. Rf8+ Qxf8 47. Ng6+ Kg7 48. Nxf8 Kxf8 49. h4 Ke7 50. Kg3 Kf6 51. Kf4 Kg7 52. Bc8 1/2-1/2

[Event "Sao Paulo Seniors-ch"]
[Site "Sao Paulo"]
[Date "2015.12.10"]
[Round "1"]
[White "Vallejos, Jose Antonio"]
[Black "Andrade, Roberto Luiz Costa"]
[Result "0-1"]
[WhiteElo "1875"]
[BlackElo "2116"]
[PlyCount "116"]
[EventDate "2015.12.10"]
[EventType "swiss"]
[EventRounds "7"]
[EventCountry "BRA"]
[SourceTitle "EXT 2017"]
[Source "ChessBase"]
[SourceDate "2016.10.25"]
[SourceVersion "1"]
[SourceVersionDate "2016.10.25"]
[SourceQuality "1"]

1. Nf3 Nf6 2. g3 g6 3. b4 Bg7 4. Bb2 c6 5. a3 a5 6. c3 0-0 7. Bg2 d5 8. d3 Re8 9. Nbd2 e5 10. 0-0 Bf5 11. Nh4 Bg4 12. h3 Be6 13. e4 dxe4 14. dxe4 Qd3 15. Nb1 Rd8 16. Qxd3 Rxd3 17. Re1 Na6 18. Bf1 Rdd8 19. Nf3 Ne8 20. Nbd2 axb4 21. cxb4 b5 22. Rac1 Rd6 23. Rc2 Rad8 24. g4 f6 25. Bc1 Nec7 26. Re3 Nb8 27. Rec3 Na8 28. g5 f5 29. Rc5 fxe4 30. Nxe5 Bd5 31. Ng4 Na6 32. R5c3 h5 33. gxh6 Bxc3 34. Rxc3 N8c7 35. Nb1 Ne6 36. Be3 Ba2 37. Rc1 Bxb1 38. Rxb1 Nd4 39. Kg2 Nc7 40. Rc1 Nd5 41. Bg5 Re8 42. Rd1 Nf3 43. Bc1 Ree6 44. Be2 Nh4+ 45. Kg3 Nf5+ 46. Kh2 Nc3 47. Re1 Nxe2 48. Rxe2 Nd4 49. Ra2 Nf3+ 50. Kg3 Rd3 51. Be3 Rd1 52. a4 g5 53. h4 Rg1+ 54. Kh3 gxh4 55. axb5 Rg6 56. Ra8+ Kf7 57. h7 Rh1+ 58. Kg2 Rxg4+ 0-1

[Event "Sao Paulo Karman Cup 2nd"]
[Site "Sao Paulo"]
[Date "2014.11.22"]
[Round "3"]
[White "Vallejos, Jose Antonio"]
[Black "Moura de Lima, Wilian Rither De"]
[Result "0-1"]
[WhiteElo "1884"]
[BlackElo "1965"]
[PlyCount "76"]
[EventDate "2014.11.21"]
[EventType "swiss"]
[EventRounds "6"]
[EventCountry "BRA"]
[SourceTitle "CBM 163 Extra"]
[Source "ChessBase"]
[SourceDate "2014.12.23"]
[SourceVersion "1"]
[SourceVersionDate "2014.12.23"]
[SourceQuality "1"]

1. d4 c6 2. e4 d5 3. e5 Bf5 4. g4 Be4 5. f3 Bg6 6. h4 h5 7. Bf4 e6 8. Bg3 Qb6 9. b3 c5 10. c3 Nc6 11. Ne2 cxd4 12. cxd4 Bb4+ 13. Kf2 hxg4 14. fxg4 Be4 15. Bg2 Nh6 16. Bxe4 dxe4 17. Bf4 Nxg4+ 18. Kg3 Nh6 19. a3 Nf5+ 20. Kg4 Be7 21. Nbc3 Ncxd4 22. Nxe4 Rd8 23. b4 Qc6 24. N2g3 Nxg3 25. Nxg3 Nc2 26. Qc1 Nxa1 27. Qxa1 Qc2 28. h5 Qg2 29. Qc1 Qd5 30. Re1 g5 31. Be3 Qxe5 32. Bb6 f5+ 33. Kh3 g4+ 34. Kh2 Rxh5+ 35. Kg2 Qd5+ 36. Kf1 Qd3+ 37. Ne2 Rh1+ 38. Bg1 Qf3# 0-1

[Event "Sao Bernardo LXSBC op 3rd"]
[Site "Sao Bernardo do Campo"]
[Date "2014.09.21"]
[Round "6"]
[White "Vicentin, Marcos Tadeu"]
[Black "Vallejos, Jose Antonio"]
[Result "1-0"]
[WhiteElo "1853"]
[BlackElo "1894"]
[PlyCount "75"]
[EventDate "2014.09.19"]
[EventType "swiss"]
[EventRounds "6"]
[EventCountry "BRA"]
[SourceTitle "EXT 2018"]
[Source "ChessBase"]
[SourceDate "2017.10.13"]
[SourceVersion "1"]
[SourceVersionDate "2017.10.13"]
[SourceQuality "1"]

1. Nf3 Nf6 2. b3 g6 3. Bb2 Bg7 4. g3 b6 5. Bg2 Bb7 6. 0-0 0-0 7. c4 d6 8. d4 a5 9. Nc3 Re8 10. Qc2 Na6 11. Rad1 e6 12. Rfe1 d5 13. Ne5 Rb8 14. a3 dxc4 15. Nc6 cxb3 16. Qxb3 Bxc6 17. Bxc6 Rf8 18. Qb5 Qc8 19. e4 h5 20. e5 Ng4 21. Ne4 Rd8 22. Bc1 Nh6 23. Bg5 Rf8 24. h3 Kh7 25. Re3 Nf5 26. Rf3 Bh6 27. Bf6 Bg7 28. g4 Nh6 29. Ng5+ Kh8 30. Be7 hxg4 31. hxg4 Kg8 32. Bxf8 Bxf8 33. Qd3 b5 34. Nxf7 Kg7 35. Nxh6 Kxh6 36. Rf6 Kh7 37. Qxg6+ Kh8 38. Rf7 1-0

[Event "Sao Bernardo LXSBC op 3rd"]
[Site "Sao Bernardo do Campo"]
[Date "2014.09.19"]
[Round "2"]
[White "Gerbelli Neto, Eduardo"]
[Black "Vallejos, Jose Antonio"]
[Result "1-0"]
[WhiteElo "2182"]
[BlackElo "1894"]
[PlyCount "59"]
[EventDate "2014.09.19"]
[EventType "swiss"]
[EventRounds "6"]
[EventCountry "BRA"]
[SourceTitle "EXT 2018"]
[Source "ChessBase"]
[SourceDate "2017.10.13"]
[SourceVersion "1"]
[SourceVersionDate "2017.10.13"]
[SourceQuality "1"]

1. e4 c5 2. Nc3 e6 3. f4 d6 4. Nf3 Nc6 5. Bc4 a6 6. d3 Qc7 7. 0-0 Nf6 8. a4 Be7 9. Qe1 Nd4 10. Nxd4 cxd4 11. Nd1 Rb8 12. c3 b5 13. Bb3 e5 14. fxe5 dxe5 15. cxd4 Qb6 16. Be3 exd4 17. Bf4 Rb7 18. axb5 axb5 19. e5 Nh5 20. Bd2 0-0 21. Qe2 g6 22. Bd5 Ra7 23. Rxa7 Qxa7 24. e6 f6 25. Nf2 Qc5 26. Bb3 Bb7 27. Ne4 Qe5 28. Nxf6+ Bxf6 29. Qxe5 Bxe5 30. e7+ 1-0

[Event "Mogi das Cruzes Catropa Memorial"]
[Site "Mogi das Cruzes"]
[Date "2014.09.06"]
[Round "4"]
[White "Leite, Eduardo de Souza"]
[Black "Vallejos, Jose Antonio"]
[Result "1-0"]
[WhiteElo "2079"]
[BlackElo "1894"]
[PlyCount "137"]
[EventDate "2014.09.05"]
[EventType "swiss"]
[EventRounds "6"]
[EventCountry "BRA"]
[SourceTitle "CBM 162 Extra"]
[Source "ChessBase"]
[SourceDate "2014.10.17"]
[SourceVersion "1"]
[SourceVersionDate "2014.10.17"]
[SourceQuality "1"]

1. e4 c6 2. d4 d5 3. Nd2 dxe4 4. Nxe4 Nd7 5. Ng5 e6 6. Bd3 Ngf6 7. Qe2 Nb6 8. N1f3 h6 9. Ne4 Be7 10. Bd2 Nbd5 11. c4 Nc7 12. 0-0-0 Nxe4 13. Qxe4 a5 14. g4 b5 15. cxb5 Nd5 16. Ne5 cxb5 17. Bxb5+ Kf8 18. Bc6 Qc7 19. Kb1 Bb7 20. Qf3 Bf6 21. Nd7+ Ke7 22. Bxb7 Qxb7 23. Nxf6 gxf6 24. Qa3+ Nb4 25. d5 Rhd8 26. Bxh6 Rxd5 27. f3 Rad8 28. Rc1 R8d7 29. Qc3 Nd3 30. Rc2 Rc5 31. Qa3 Qb4 32. Qxb4 axb4 33. Rd1 Rcd5 34. Rc8 f5 35. g5 Rd8 36. Rxd8 Kxd8 37. h4 e5 38. h5 e4 39. g6 Ke7 40. g7 Rd8 41. Bd2 Kf6 42. h6 Kg6 43. Rg1+ Kh7 44. fxe4 fxe4 45. Rf1 Rd7 46. Rg1 Rd8 47. Bg5 Rc8 48. Be7 Rg8 49. Bf6 Kxh6 50. Rh1+ Kg6 51. Rh8 Rxg7 52. Bxg7 Kxg7 53. Re8 f5 54. a4 bxa3 55. bxa3 Kf7 56. Rh8 Ke6 57. Kc2 f4 58. Kd2 f3 59. Rh1 Nf2 60. Rb1 Ng4 61. a4 e3+ 62. Kd3 Kd5 63. a5 e2 64. a6 Nf2+ 65. Kd2 Ne4+ 66. Ke3 Nc3 67. a7 Nxb1 68. a8Q+ Kc5 69. Qa5+ 1-0

[Event "Sao Bernardo do Campo LXSBC op"]
[Site "Sao Bernardo do Campo"]
[Date "2014.07.27"]
[Round "6"]
[White "Vicentin, Marcos Tadeu"]
[Black "Vallejos, Jose Antonio"]
[Result "1/2-1/2"]
[WhiteElo "1864"]
[BlackElo "1907"]
[PlyCount "141"]
[EventDate "2014.07.25"]
[EventType "swiss"]
[EventRounds "6"]
[EventCountry "BRA"]
[SourceTitle "EXT 2016"]
[Source "ChessBase"]
[SourceDate "2015.10.08"]
[SourceVersion "1"]
[SourceVersionDate "2015.10.08"]
[SourceQuality "1"]

1. Nf3 Nf6 2. g3 b6 3. Bg2 Bb7 4. 0-0 g6 5. c4 c5 6. Nc3 Bg7 7. e3 0-0 8. d4 e6 9. d5 exd5 10. cxd5 d6 11. Nd2 a6 12. a4 Re8 13. Nc4 Qc7 14. e4 Nbd7 15. f4 Rab8 16. e5 dxe5 17. fxe5 Nxe5 18. Nxe5 Qxe5 19. Bf4 Qd4+ 20. Qxd4 cxd4 21. Bxb8 dxc3 22. bxc3 Nxd5 23. Bd6 Rd8 24. Be7 Nxe7 25. Bxb7 Bxc3 26. Rad1 Bd4+ 27. Kg2 a5 28. g4 Rb8 29. Rxd4 Rxb7 30. Rb1 Nc6 31. Rd6 Nb4 32. Kg3 Kf8 33. Re1 h6 34. h4 Nc2 35. Rb1 Nb4 36. Re1 Nc2 37. Rb1 Nb4 38. Re1 Kg7 39. g5 Rb8 40. Re7 hxg5 41. hxg5 Rc8 42. Rdd7 Rf8 43. Kf4 Na6 44. Rb7 Nc5 45. Rxb6 Ra8 46. Rf6 Rf8 47. Ra7 Nxa4 48. Rxa5 Nc3 49. Re5 Rd8 50. Rc6 Nd5+ 51. Ke4 Nb4 52. Rc3 Rh8 53. Rb5 Rh4+ 54. Ke5 Rg4 55. Kd6 Na2 56. Ra3 Nc1 57. Re5 Rd4+ 58. Ke7 Nd3 59. Rea5 Re4+ 60. Kd6 Re6+ 61. Kd5 Nf4+ 62. Kd4 Re1 63. Rf3 Ne6+ 64. Kd5 Rg1 65. Rxf7+ Kxf7 66. Ra7+ Kg8 67. Kxe6 Rxg5 68. Kf6 Rg1 69. Rg7+ Kh8 70. Rxg6 Rf1+ 71. Ke5 1/2-1/2

[Event "Sao Paulo LXSBC 1st Etapa"]
[Site "Sao Paulo"]
[Date "2014.06.07"]
[Round "6.2"]
[White "Vallejos, Jose Antonio"]
[Black "Batista, Renato Luiz"]
[Result "0-1"]
[WhiteElo "1937"]
[BlackElo "2112"]
[PlyCount "46"]
[EventDate "2014.06.07"]
[EventType "swiss"]
[EventRounds "6"]
[EventCountry "BRA"]
[SourceTitle "EXT 2022"]
[Source "ChessBase"]
[SourceDate "2021.10.06"]
[SourceVersion "1"]
[SourceVersionDate "2021.10.06"]
[SourceQuality "1"]

1. c4 e5 2. Nc3 Nf6 3. g3 Bb4 4. Qb3 Nc6 5. e3 0-0 6. a3 Bxc3 7. Qxc3 d5 8. d3 d4 9. Qc2 dxe3 10. fxe3 Bf5 11. Nh3 Qd7 12. Nf2 Rfe8 13. Be2 e4 14. d4 Nxd4 15. exd4 e3 16. Nd3 Qxd4 17. 0-0 Bh3 18. Rf4 Qd7 19. b3 Rad8 20. Bb2 Ng4 21. Rd4 Qc6 22. Nf4 Nf2 23. Qc3 Qh1# 0-1

[Event "BRA-ch Amateur"]
[Site "Sao Paulo"]
[Date "2014.03.03"]
[Round "6"]
[White "Vallejos, Jose Antonio"]
[Black "Mendes, Rodrigo Machado"]
[Result "1/2-1/2"]
[WhiteElo "1958"]
[BlackElo "1854"]
[PlyCount "229"]
[EventDate "2014.03.01"]
[EventType "swiss"]
[EventRounds "7"]
[EventCountry "BRA"]
[SourceTitle "EXT 2016"]
[Source "ChessBase"]
[SourceDate "2015.10.08"]
[SourceVersion "1"]
[SourceVersionDate "2015.10.08"]
[SourceQuality "1"]

1. d4 d5 2. Nf3 g6 3. g3 Bg7 4. Bg2 Nf6 5. 0-0 0-0 6. Bg5 c6 7. Qc1 Re8 8. Na3 Ne4 9. Bh6 Bh8 10. c4 a6 11. b3 Nd7 12. Rb1 Ndf6 13. h3 Qa5 14. b4 Qd8 15. c5 Nh5 16. Kh2 Qc7 17. Qe1 Be6 18. Rb3 b5 19. cxb6 Qxb6 20. e3 f6 21. g4 Ng7 22. Kg1 Bf7 23. Bf4 Ne6 24. Bh2 Nc7 25. Nc2 Nb5 26. Nh4 Nbd6 27. f3 Ng5 28. Rf2 e5 29. Rd2 Nc4 30. Re2 Ne6 31. dxe5 fxe5 32. Kh1 Rad8 33. Bg1 Qc7 34. Bh2 Qe7 35. Bf1 Qg5 36. Ng2 Qh6 37. h4 Qf8 38. Rf2 Qe7 39. e4 Nd4 40. Rc3 Qb7 41. Bxc4 dxc4 42. a3 Qb5 43. Nce3 a5 44. Rb2 Nxf3 45. Qf2 Nxh2 46. Kxh2 Rd4 47. Qc2 Red8 48. g5 Bg7 49. Qf2 Rd3 50. bxa5 Qxa5 51. Rxd3 cxd3 52. Rb7 Rf8 53. Ng4 Qxa3 54. Nf6+ Bxf6 55. gxf6 Qc1 56. Rd7 c5 57. Rxd3 c4 58. Rd2 h6 59. h5 g5 60. Ne3 Bxh5 61. Rc2 Qb1 62. Rxc4 Bf7 63. Rc2 Qb6 64. Qf3 Bg6 65. Ng4 Kh7 66. Qa3 Rf7 67. Nxe5 Qb8 68. Qc5 Rxf6 69. Qe7+ Rf7 70. Qe6 Rg7 71. Re2 Qc7 72. Kg2 Qe7 73. Qd5 Bf7 74. Qd4 g4 75. Nd7 Be8 76. Nf6+ Kh8 77. e5 Bc6+ 78. Kg3 Rg5 79. Re3 Kg7 80. Ne4 Rxe5 81. Nd6 Qxd6 82. Qxe5+ Qxe5+ 83. Rxe5 Bf3 84. Kf4 Kg6 85. Re6+ Kg7 86. Kg3 Kh7 87. Kh4 Kg7 88. Ra6 Be2 89. Re6 Bf3 90. Re3 Kf6 91. Rb3 Ke5 92. Kg3 Ke4 93. Rb6 h5 94. Rh6 Kd4 95. Rxh5 Ke4 96. Rh8 Kd4 97. Kf4 Kd3 98. Re8 Kd4 99. Rd8+ Kc5 100. Ke3 Kc6 101. Rg8 Kc5 102. Kd3 Kd5 103. Rg5+ Ke6 104. Ke3 Kd6 105. Kf4 Ke6 106. Re5+ Kd6 107. Re3 Kd5 108. Re8 Kd4 109. Rd8+ Kc5 110. Ke3 Kc4 111. Rd4+ Kc5 112. Rd2 Kc4 113. Rc2+ Kd5 114. Rc1 Kd6 115. Kf4 1/2-1/2